| 000 | 02098cam a22004934i 4500 | ||
|---|---|---|---|
| 003 | PE-LiUPU | ||
| 005 | 20250731165530.0 | ||
| 008 | 150623s r 000 0 d | ||
| 020 | _a8422009609 | ||
| 035 | _a(Sirsi) i9788422009603 | ||
| 040 |
_aPE-LiUPU _bspa _cPE-LiUPU _erda |
||
| 049 | _aPRUA | ||
| 082 | 0 | 4 |
_a270.946 _bG25 _221 |
| 100 | 1 |
_aGarcía-Villoslada, Ricardo, _eautor. |
|
| 245 | 1 | 0 |
_aHistoria de la iglesia en España : _bla iglesia en la España de los siglos XV y XVI. _n3:1 / _cRicardo García Villoslada. |
| 264 | 1 |
_aMadrid, España : _bLa Editorial Católica, _c1979. |
|
| 300 |
_a513 páginas ; _c24 centímetros |
||
| 336 |
_atext _2rdacontent |
||
| 337 |
_aunmediated _2rdamedia |
||
| 338 |
_avolume _2rdacarrier |
||
| 490 | 0 |
_aBiblioteca de Autores Cristianos ; _v18 |
|
| 505 | 0 | _aPanorama histórico-geográfico de la iglesia española en los siglos XV y XVI. -Presencia de España en los concilios generales del siglo XV. -Reforma del episcopado y del clero de España en tiempo de los Reyes católicos y de Carlos V (1475-1558). -Concentualismo y observancia. -Religiosidad y reforma del pueblo cristiano. -Participación de España en el concilio de Trento. | |
| 526 | _aSEG44 | ||
| 526 | _aSEG26 | ||
| 526 | _aP151 | ||
| 526 | _aP150 | ||
| 526 | _aP149 | ||
| 526 | _aP146 | ||
| 526 | _aP145 | ||
| 526 | _aP126 | ||
| 526 | _aP125 | ||
| 526 | _aP92 | ||
| 526 | _aP75 | ||
| 526 | _aP74 | ||
| 526 | _aP27 | ||
| 526 | _aP15 | ||
| 650 | 0 | 4 |
_aHistoria _v _xBIBLIOTECA _y _zEspaña. |
| 942 |
_2ddc _cBOOK |
||
| 949 |
_aRC 270.946 G25 3:1 _wDEWEY _c1 _i21451 _lCCODEBUL1 _mBUL _r0 _sY _tBOOK _u2015-6-24 _xTEOLOGIA _zUNKNOWN _0COMPRA _o.CIRCNOTE. No olvidar cambiar la fecha de devolución!!!!!!! _o.STAFF. Colección General |
||
| 994 |
_aC0 _bPEPRU |
||
| 596 | _a1 | ||
| 999 |
_aRC 270.946 G25 3:1 _wDEWEY _c36891 _i21451 _f2021-11-8 _g6 _lCCODEBUL1 _mBUL _r1 _sY _tBOOK _u2015-6-24 _xTEOLOGIA _zUNKNOWN _0COMPRA _o.CIRCNOTE. No olvidar cambiar la fecha de devolución!!!!!!! _o.STAFF. Colección General _d36891 |
||
| 980 |
_81 _gALBERTO SANCHEZ Responsable de Automatización |
||